Normal view
MARC view
Entry Personal Name
001 - CONTROL NUMBER
- control field: 86232
003 - CONTROL NUMBER IDENTIFIER
- control field: dpl
005 - DATE AND TIME OF LATEST TRANSACTION
- control field: 20260108120901.0
008 - FIXED-LENGTH DATA ELEMENTS
- fixed length control field: 260108|| aca||aabn | a|a d
040 ## - CATALOGING SOURCE
- Original cataloging agency: dpl
- Transcribing agency: dpl
100 ## - HEADING--PERSONAL NAME
- Personal name: मिश्रा, देवेन्द्र कुमार
670 ## - SOURCE DATA FOUND
- Source citation: Work cat.: (dpl)214029: मिश्रा, देवेन्द्र कुमार , कल तुम्हारा होगा :, 2010
